[Event "Keres Mem B"]
[Site "Tallinn EST"]
[Date "2007.01.10"]
[Round "7"]
[White "Smirnov,Arte"]
[Black "Lelumees,B"]
[Result "1-0"]
[WhiteElo "2385"]
[BlackElo "2154"]

1.d4 Nf6 2.Bg5 d5 3.e3 c6 4.Bxf6 exf6 5.Nd2 Be6 6.Bd3 Nd7 7.Ne2 Bd6 8.c4 dxc4
9.Bxc4 Bxc4 10.Nxc4 Nb6 11.Nxd6+ Qxd6 12.O-O f5 13.Qb3 O-O 14.Rac1 Rfe8 15.Nf4 Re7
16.a4 Rd8 17.a5 Nd5 18.Nxd5 Qxd5 19.Qb4 Qd6 20.Qxd6 Rxd6 21.g3 g6 22.Rc5 a6
23.Rfc1 Kg7 24.Kg2 Kf6 25.Kf3 Red7 26.Ke2 Re6 27.Kd3 Rde7 28.h3 h5 29.h4 Rd6
30.R1c3 Rd8 31.Rb3 Rdd7 32.Rc4 Ke6 33.Rc5 Rd8 34.Re5+ Kd6 35.Rxe7 Kxe7 36.Rxb7+  1-0

[Event "Keres Mem WGM"]
[Site "Tallinn EST"]
[Date "2007.01.11"]
[Round "8"]
[White "Vahtra,T"]
[Black "Skinke,K"]
[Result "1/2-1/2"]
[WhiteElo "1939"]
[BlackElo "2132"]

1.d4 Nf6 2.Bg5 g6 3.Bxf6 exf6 4.e3 d5 5.g3 Bd6 6.Bg2 c6 7.Nd2 O-O 8.Ne2 Bf5
9.O-O Na6 10.c4 Nb4 11.e4 dxe4 12.Nxe4 Bxe4 13.Bxe4 a5 14.a3 Na6 15.Bg2 Nc7
16.Qc2 f5 17.Rad1 Ne6 18.d5 cxd5 19.Rxd5 Qc7 20.Rfd1 Rfd8 21.Nc3 Bc5 22.Nb5 Qe7
23.Qe2 Rac8 24.Re1 b6 25.Rxd8+ Qxd8 26.Bd5 Nf8 27.Qd2 Be7 28.Nd4 Bg5 29.Qe2 Rc7
30.Nc6 Qd6 31.Nd4 Re7 32.Qd1 Rxe1+ 33.Qxe1 Kg7 34.Nb5 Qe7 35.Qxe7 Bxe7 36.Kf1 Nd7
37.Ke2 Bc5 38.Nc3 Bd4 39.Nd1 Nc5 40.b4 axb4 41.axb4 Na6 42.Kd3 Be5 43.b5 Nc5+
44.Ke3 Kf6 45.f4 Bd6 46.Nf2 h6 47.h4 Be7 48.Kf3 Bd6 49.g4 fxg4+ 50.Nxg4+ Kg7
51.Ne3 f5 52.Ng2 Kf6  1/2-1/2

[Event "TCh-NOR 2006-7"]
[Site "Oslo NOR"]
[Date "2007.01.13"]
[Round "5"]
[White "Richter,Mic"]
[Black "Sahl,Bj"]
[Result "1/2-1/2"]
[WhiteElo "2396"]
[BlackElo "2381"]

1.d4 Nf6 2.Bg5 c5 3.d5 Qb6 4.Nc3 h6 5.Bd2 e5 6.e4 d6 7.Nge2 Be7 8.Ng3 Qd8
9.Be2 Nh7 10.O-O Bg5 11.Bb5+ Nd7 12.Nf5 Qf6 13.f4 Bxf4 14.Ne2 Bxd2 15.Qxd2 a6
16.Bd3 g6 17.Ne3 Qe7 18.a4 O-O 19.Rf2 Ndf6 20.Raf1 b5 21.Ng3 Bd7 22.axb5 axb5
23.c4 bxc4 24.Bxc4 Kh8 25.h3 Ng8 26.Be2 Qh4 27.Kh2 Ng5 28.Nc4 Qxg3+ 29.Kxg3 Nxe4+
30.Kh2 Nxd2 31.Nxd2 f5 32.Ne4 Nf6 33.Nxd6 Nxd5 34.Bf3 Bc6 35.Rc1 Rad8 36.Nc4 e4
37.Ne5 exf3 38.Nxg6+ Kg7 39.Nxf8 Rxf8 40.Rxc5 Nb4 41.gxf3 Rf6 42.Ra5 Nd3
43.Rg2+ Kf8 44.Ra3 Ne1 45.Rf2 Rd6 46.Re3 Nxf3+  1/2-1/2

[Event "zt 3.3"]
[Site "Phu Quoc VIE"]
[Date "2007.01.14"]
[Round "5"]
[White "Torre,E"]
[Black "Le Quang Liem"]
[Result "0-1"]
[WhiteElo "2547"]
[BlackElo "2500"]

1.d4 Nf6 2.Bg5 d5 3.e3 c5 4.c3 Nc6 5.Bxf6 gxf6 6.dxc5 e6 7.b4 a5 8.Bb5 f5
9.Ne2 Bg7 10.Nd4 Qc7 11.O-O O-O 12.Bxc6 bxc6 13.f4 Re8 14.Nd2 e5 15.fxe5 Qxe5
16.Re1 axb4 17.cxb4 Qf6 18.N2f3 Ra3 19.Qc1 Rd3 20.a4 f4 21.Ra3 Rdxe3 22.Raxe3 fxe3
23.b5 Qf4 24.Nxc6 Bg4 25.Qc2 d4 26.Nb4 Bxf3 27.gxf3 Qxf3 28.Qg2 Qf5 29.Kh1 Kh8
30.Rg1 Bf6 31.Nd5 e2 32.Ne7 Qg5 33.Qxe2 Rxe7 34.Rxg5 Rxe2 35.Rd5 Re5 36.Rd6 Be7
37.Rxd4 Bxc5 38.Rc4 Bb6 39.Rc6 Re6 40.Rc8+ Kg7 41.Ra8 Rg6 42.h3 Rg1+ 43.Kh2 Ra1
44.Ra6 Bc7+ 45.Kg2 Rb1 46.Rc6 Ba5 47.Ra6 Bc3 48.Rc6 Bd4 49.Rc4 Be5 50.Rc5 Bd6
51.Rc6 Bb4 52.Kf3 Ra1 53.Ra6 Ra3+ 54.Ke4 Rxh3 55.b6 Rb3 56.Kd5 Be1 57.Kc6 h5
58.b7 h4 59.Ra8 h3 60.Re8 Bg3 61.Rd8 Rc3+ 62.Kb5 h2 63.Rd1 Bb8 64.a5 Kg6
65.a6 Kg5  0-1

[Event "Open A"]
[Site "Prague CZE"]
[Date "2007.01.14"]
[Round "4"]
[White "Glavan,S"]
[Black "Dolezal,R1"]
[Result "0-1"]
[WhiteElo "2240"]
[BlackElo "2422"]

1.d4 Nf6 2.Bg5 c5 3.Bxf6 gxf6 4.c3 Qb6 5.Qd2 d5 6.Nf3 e6 7.g3 Nc6 8.Bg2 Bg7
9.O-O O-O 10.Re1 f5 11.h4 cxd4 12.h5 h6 13.a4 Bd7 14.a5 Nxa5 15.Rxa5 Qxa5
16.Nxd4 Qc7 17.Bh3 Rad8 18.Na3 Kh7 19.Nac2 Rg8 20.Kf1 Bc8 21.Ra1 a6 22.Qd3 Kh8
23.Qe3 Qe5 24.Qd2 f4 25.g4 Qf6 26.Nf3 e5 27.Ra5 b5 28.Ke1 e4 29.Ng1 Qg5 30.f3 e3
31.Qd3 Qh4+ 32.Kd1 Qf2 33.Nb4 Qxg1+ 34.Kc2 Rd6 35.g5 Bxh3 36.gxh6 Bxh6 37.Qd4+ Qg7  0-1

[Event "Open A"]
[Site "Prague CZE"]
[Date "2007.01.16"]
[Round "7"]
[White "Netusil,M"]
[Black "Nemcova,Kat"]
[Result "1-0"]
[WhiteElo "2336"]
[BlackElo "2147"]

1.d4 Nf6 2.Bg5 c5 3.dxc5 Qa5+ 4.Qd2 Qxc5 5.Nc3 Nc6 6.Nf3 Ng4 7.e4 h6 8.Bf4 g5
9.Bg3 Bg7 10.Nd5 O-O 11.O-O-O a5 12.h4 e6 13.Bd6 Qxf2 14.Bxf8 Kxf8 15.Nc7 Qb6
16.Qd6+ Kg8 17.Bb5 Rb8 18.hxg5 hxg5 19.Qg3 Nce5 20.Nxe5 Nxe5 21.Ne8 Qxb5
22.Nxg7 Nc4 23.b3 Qe5 24.Qxe5 Nxe5 25.Ne8 b6 26.Rh5 Bb7 27.Rxg5+ Ng6 28.Nf6+ Kg7
29.Nxd7 Rh8 30.Rg4 b5 31.Ne5 Bc8 32.Rf1  1-0

[Event "TCh-AUT 2006-7"]
[Site "Leoben AUT"]
[Date "2007.01.21"]
[Round "7"]
[White "Teske,H"]
[Black "Ribli,Z"]
[Result "1/2-1/2"]
[WhiteElo "2524"]
[BlackElo "2588"]

1.d4 Nf6 2.Bg5 d5 3.Bxf6 exf6 4.e3 Bd6 5.Nd2 c6 6.c4 dxc4 7.Bxc4 Nd7 8.Ngf3 Qe7
9.O-O O-O 10.Qc2 Re8 11.Rac1 Nf8 12.Bd3 Bg4 13.Bf5 Bxf3 14.Nxf3 Rad8 15.Rfd1  1/2-1/2

[Event "ch-EST"]
[Site "Tallinn EST"]
[Date "2007.01.23"]
[Round "5"]
[White "Kanep,M"]
[Black "Sepp,O"]
[Result "1/2-1/2"]
[WhiteElo "2504"]
[BlackElo "2458"]

1.d4 Nf6 2.Bg5 d5 3.Nc3 g6 4.f3 Bg7 5.e4 c6 6.Qd2 h6 7.Bh4 dxe4 8.fxe4 e5
9.O-O-O Qxd4 10.Qxd4 exd4 11.Rxd4 O-O 12.Rd6 Nbd7 13.Nf3 g5 14.Bg3 Nc5 15.Rxf6 Bxf6
16.Bd6 b6 17.Bxf8 Kxf8 18.Bd3 g4 19.Ne1 Be6 20.Rf1 Be5 21.Ne2 Rd8 22.Nf4 Ke7
23.Nxe6 fxe6 24.g3 h5 25.b4 Na4 26.Ng2 c5 27.Nh4 Bb2+ 28.Kd2 Bc3+ 29.Ke2 cxb4
30.Ng6+ Kd6 31.Rf7 a5 32.Rh7 Bd4 33.Rxh5 Nc3+ 34.Kf1 Nxa2 35.e5+ Kc5 36.Nf4 Re8
37.Be2 a4 38.Bxg4 b3 39.cxb3 axb3 40.Bxe6 Rxe6 41.Nxe6+ Kd5 42.Nxd4 b2 43.e6+ Kc4
44.e7 b1=Q+ 45.Kf2 Qe4 46.Rh4 Qxe7 47.Nf5+ Qxh4 48.Nxh4 b5 49.Nf5 b4 50.Ke2 Kc3
51.Ne3 b3 52.Nd1+ Kc2 53.Ne3+ Kc3 54.Nd1+ Kc2 55.Ne3+ Kc3  1/2-1/2

[Event "Gibtelecom Masters"]
[Site "Catalan Bay ENG"]
[Date "2007.01.24"]
[Round "2"]
[White "Bellon Lopez,JuM"]
[Black "Nemcova,Kat"]
[Result "1-0"]
[WhiteElo "2442"]
[BlackElo "2147"]

1.d4 Nf6 2.Bg5 c5 3.d5 Ne4 4.Bc1 e5 5.g3 f5 6.Bg2 Nf6 7.e4 d6 8.Nc3 Be7 9.Qd3 O-O
10.exf5 Na6 11.a3 e4 12.Nxe4 Bxf5 13.c4 Qb6 14.Ne2 Rae8 15.O-O Nc7 16.N2c3 Qb3
17.Nxf6+ Rxf6 18.Be4 Bxe4 19.Qxe4 b5 20.Nxb5 Bf8 21.Qg4 Nxb5 22.cxb5 Qxd5
23.Be3 Qb3 24.a4 d5 25.Qd1 Qxd1 26.Rfxd1 d4 27.Bf4 Re2 28.Rd2 Rxd2 29.Bxd2 Rb6
30.b3 Kf7 31.Re1 Bd6 32.Re4 Rb7 33.Kf1 a6 34.bxa6 Ra7 35.Ke2 Rxa6 36.Kd3 Bc7
37.Kc4 Rf6 38.Kxc5 Rxf2 39.Rxd4 Ke6 40.Bf4 Bxf4 41.Rxf4 Rxh2 42.a5 g5 43.Ra4 Kd7
44.a6 Rc2+ 45.Kb5  1-0

[Event "Gibtelecom Masters"]
[Site "Catalan Bay ENG"]
[Date "2007.01.25"]
[Round "3"]
[White "Pavlovic,Milo"]
[Black "Nordstrom,F"]
[Result "1-0"]
[WhiteElo "2521"]
[BlackElo "2199"]

1.d4 Nf6 2.Bg5 d5 3.e3 e6 4.Nd2 c5 5.c3 Be7 6.Bd3 b6 7.f4 Bb7 8.Ngf3 O-O
9.Bxf6 Bxf6 10.Qe2 Qc8 11.h4 Ba6 12.Ng5 g6 13.Ndf3 Bxd3 14.Qxd3 h5 15.Ne5 Bxg5
16.hxg5 Kg7 17.g4 hxg4 18.Rh6 Qe8 19.O-O-O Rh8 20.dxc5 Rxh6 21.gxh6+ Kxh6
22.Qd4  1-0

[Event "ch-EST w"]
[Site "Tallinn EST"]
[Date "2007.01.25"]
[Round "7"]
[White "Vahtra,T"]
[Black "Makarova,Natalja"]
[Result "1-0"]
[WhiteElo "1939"]
[BlackElo "1803"]

1.d4 Nf6 2.Bg5 d5 3.Bxf6 gxf6 4.e3 Bf5 5.Bd3 Bg6 6.f4 Qd7 7.Nf3 Nc6 8.Nbd2 Nb4
9.Bxg6 fxg6 10.a3 Nc6 11.Qe2 e5 12.fxe5 fxe5 13.O-O-O e4 14.Ng5 Bh6 15.Nh3 O-O-O
16.Nb3 Qd6 17.Kb1 Na5 18.Nxa5  1-0

[Event "Gibtelecom Masters"]
[Site "Catalan Bay ENG"]
[Date "2007.01.27"]
[Round "5"]
[White "Werner,Di"]
[Black "Nemcova,Kat"]
[Result "1-0"]
[WhiteElo "2353"]
[BlackElo "2147"]

1.d4 Nf6 2.Bg5 c5 3.Bxf6 gxf6 4.d5 Qb6 5.Qc1 f5 6.c4 Bg7 7.Nc3 Na6 8.e3 O-O
9.Bd3 Qf6 10.Nge2 d6 11.O-O Nc7 12.Ng3 Bh6 13.f4 Kh8 14.Qc2 e6 15.Rae1 Bd7
16.Rf3 Rg8 17.Qf2 Rab8 18.Nh5 Qg6 19.Rh3 b5 20.Rg3 Qxh5 21.Be2 Rg4 22.h3 Rbg8
23.hxg4 fxg4 24.Ne4 Ne8 25.Rd1 e5 26.cxb5 f5 27.Nc3 Bg7 28.Rh3 Qf7 29.Rh1 exf4
30.exf4 Bf6 31.g3 Nc7 32.Bc4 Qe8 33.a4 Rg7 34.Rh6 Qe7 35.Kh2 Rf7 36.Re1 Qf8
37.Rh5 Qg7 38.Kg2 Re7 39.Rhh1 Rf7 40.Qc2 Bd4 41.Re2 Re7 42.Rxe7 Qxe7 43.Qd2 Kg8
44.Qe1 Qf7 45.Rh6 Qf8 46.Rh2 Qf7 47.Kf1 Qf6 48.Ke2 Be8 49.Kd1 h5 50.Kc2 Kg7
51.a5 Bxc3 52.Qxc3 Bxb5 53.Rxh5 Qxc3+ 54.Kxc3 Bd7 55.b4 cxb4+ 56.Kxb4 Bc8
57.Kc3 Bd7 58.Kd4 Bc8 59.Rh1  1-0

[Event "Open"]
[Site "Moscow RUS"]
[Date "2007.01.29"]
[Round "3"]
[White "Kremenietsky,AnM"]
[Black "Semenova,Ir"]
[Result "1/2-1/2"]
[WhiteElo "2389"]
[BlackElo "2218"]

1.d4 Nf6 2.Bg5 d5 3.Bxf6 gxf6 4.e3 c5 5.c3 e5 6.Nf3 Nc6 7.a3 Be6 8.b4 cxd4
9.cxd4 a6 10.Be2 Rg8 11.g3 Rc8 12.O-O h5 13.Nbd2 Bh3 14.Re1 e4 15.Nh4 f5
16.Ng2 h4 17.Nf4 hxg3 18.fxg3 Bd6 19.Nb3 Bxf4 20.exf4 Qh4 21.Kf2 Qh8 22.Qd2 Bf1
23.Kxf1 Qh3+ 24.Kg1 Rxg3+ 25.hxg3 Qxg3+ 26.Kf1 Qh3+ 27.Kf2 Qh2+ 28.Kf1 Qh3+
29.Kf2  1/2-1/2

[Event "Gibtelecom Masters"]
[Site "Catalan Bay ENG"]
[Date "2007.01.30"]
[Round "7"]
[White "Smerdon,D"]
[Black "Sachdev,T"]
[Result "0-1"]
[WhiteElo "2460"]
[BlackElo "2380"]

1.d4 Nf6 2.Bg5 d5 3.Bxf6 exf6 4.e3 g6 5.c4 Bg7 6.Nc3 dxc4 7.Bxc4 O-O 8.Nge2 a6
9.a4 Nc6 10.Nf4 f5 11.h4 Qd6 12.g3 Bd7 13.h5 g5 14.h6 Bxd4 15.Nh5 Bxc3+ 16.bxc3 Qe5
17.Qd2 Rad8 18.f4 Qe7 19.Bd5 Be6 20.c4 Bxd5 21.cxd5 f6 22.Kf2 Nb4 23.Rab1 a5
24.fxg5 fxg5 25.Qc3 Rxd5 26.Rhd1 c6 27.Rxd5 Nxd5 28.Qd4 Rf7 29.Rd1 Qe6 30.g4 Qxh6
31.Ke2 fxg4 32.Rh1 Qg6 33.e4 Nf4+ 34.Nxf4 gxf4  0-1

[Event "Open"]
[Site "Moscow RUS"]
[Date "2007.01.30"]
[Round "4"]
[White "Lavrentiev,Y"]
[Black "Gvilava,M"]
[Result "0-1"]
[WhiteElo "1977"]
[BlackElo "2098"]

1.d4 Nf6 2.Bg5 g6 3.c3 Bg7 4.e3 O-O 5.Bd3 d5 6.Qc2 Nc6 7.Nf3 a6 8.Nbd2 Re8
9.h3 e5 10.dxe5 Nxe5 11.Nxe5 Rxe5 12.Nf3 Re8 13.O-O-O b5 14.e4 h6 15.e5 hxg5
16.Bxg6 fxg6 17.Qxg6 Ne4 18.Rxd5 Qxd5 19.Qxe8+ Kh7 20.Qh5+ Bh6 21.Rd1 Qxa2
22.Rd8 Bf5 23.Nxg5+ Nxg5 24.Rd7+ Bxd7 25.f4 Qa1+ 26.Kd2 Qxb2+ 27.Ke3 Qxc3+
28.Kf2 Ne4+  0-1

[Event "ch-SER Qualification"]
[Site "Belgrade SER"]
[Date "2007.01.31"]
[Round "9"]
[White "Irizanin,R"]
[Black "Sarenac,D"]
[Result "0-1"]
[WhiteElo "2319"]
[BlackElo "2242"]

1.d4 Nf6 2.Bg5 d5 3.Nc3 Nbd7 4.Qd3 c5 5.dxc5 e6 6.e4 Bxc5 7.Nf3 Qb6 8.O-O-O dxe4
9.Nxe4 Nxe4 10.Qxe4 Bxf2 11.Ne5 Qc5 12.b4 Qc3 13.Bb5 O-O 14.Nxd7 Bxd7 15.Bxd7 a5
16.Kb1 axb4 17.Bc1 Rxa2  0-1

[Event "39th Giorgi Tringov"]
[Site "Plovdiv BUL"]
[Date "2007.02.06"]
[Round "2"]
[White "Arnaudov,P"]
[Black "Petkov,V"]
[Result "0-1"]
[WhiteElo "2224"]
[BlackElo "2441"]

1.d4 Nf6 2.Bg5 d5 3.Bxf6 exf6 4.e3 Bd6 5.Bd3 c6 6.c3 h5 7.Nd2 h4 8.Qf3 Be6
9.Ne2 h3 10.g3 Qd7 11.e4 O-O 12.O-O Re8 13.Qe3 Na6 14.Nf4 Nc7 15.f3 dxe4
16.fxe4 Bg4 17.Qf2 c5 18.Rae1 cxd4 19.cxd4 Bb4 20.Bc4 Rad8 21.Nd5 Nxd5 22.Bxd5 Be6
23.Rd1 Bxd5 24.exd5 Qxd5 25.Nf3 Re4 26.a3 Ba5 27.b4 Bb6 28.Rfe1 Rde8 29.Rxe4 Rxe4
30.Qc2 g5 31.a4 Re3  0-1

[Event "ch-St Petersburg sf"]
[Site "St Petersburg RUS"]
[Date "2007.02.15"]
[Round "6"]
[White "Sokolov,Ana"]
[Black "Smirnov,Arty"]
[Result "1/2-1/2"]
[WhiteElo "2124"]
[BlackElo "2107"]

1.d4 Nf6 2.Bg5 g6 3.Bxf6 exf6 4.e3 d5 5.h4 h5 6.Nd2 Bd6 7.c4 c6 8.c5 Bc7
9.Bd3 O-O 10.Qc2 Kg7 11.Ne2 Qe7 12.g3 b6 13.Nb3 Bg4 14.Nf4 b5 15.Nd2 Nd7
16.O-O g5 17.Ng2 Kh8 18.Bf5 Rg8 19.Rae1 Qf8 20.Bxg4 hxg4 21.Qf5 Rd8 22.Qxg4 Qh6
23.e4 dxe4 24.Rxe4 f5 25.Qxf5 Nf6 26.Re7 gxh4 27.Rxc7 h3 28.Nf4 Rxd4 29.Qxh3 Qxh3
30.Nxh3 Rxd2 31.Rxc6 Ne4 32.Re1 Nxg3 33.Rh6+ Kg7 34.Rd6 Rxd6 35.cxd6 Nh5
36.Re5 Nf6 37.Rxb5 Rd8 38.Rb7 Rxd6 39.Rxa7 Rd2 40.b3 Ne4 41.Kg2 Nc3 42.a3 Rb2
43.Rb7 Ne4 44.b4 Rb3 45.Ra7 Nc3 46.Ng5 Nb5 47.Rb7 Nxa3 48.Nxf7 Kf6 49.Nd8 Nc2
50.Nc6 Ke6 51.b5 Kd6 52.Na7 Na3 53.Nc8+ Kc5 54.Rc7+ Kxb5 55.Rb7+ Kc4 56.Nd6+ Kc3
57.Rxb3+ Kxb3 58.f4 Nc2 59.Kf3 Kb4 60.Ke4 Kc5 61.Nb7+ Kc6 62.f5 Kd7 63.Nc5+ Ke7
64.Nd3 Na3 65.Nb4 Nb5 66.Ke5 Nc7 67.Nc6+ Kf8 68.Kf6 Ne8+  1/2-1/2

[Event "Interclubes Paulista"]
[Site "Sao Paulo BRA"]
[Date "2007.02.24"]
[Round "1"]
[White "Fier,A"]
[Black "Tsuboi,E"]
[Result "0-1"]
[WhiteElo "2522"]
[BlackElo "2356"]

1.d4 Nf6 2.Bg5 c5 3.d5 Qb6 4.Nc3 Qxb2 5.Bd2 Qb6 6.e4 d6 7.f4 e6 8.dxe6 Bxe6
9.f5 Bd7 10.Nf3 Be7 11.Bc4 Nc6 12.O-O Ne5 13.Nxe5 dxe5 14.Qf3 Rd8 15.Qg3 O-O
16.Rab1 Qd6 17.Rf2 Bc6 18.Bd3 Kh8 19.Qf3 c4 20.Bxc4 Qd4 21.Bd3 Bc5 22.Rf1 Nxe4
23.Bxe4 Qxd2 24.f6 g6 25.Bxc6 bxc6 26.h4 Qf4 27.Qxc6 Rc8 28.Qxc5 Rxc5 29.Rxf4 exf4
30.Ne4 Rxc2 31.Rxf4 Rxa2 32.Nd6 h5 33.Rc4 Rd2 34.Ne4 Rd7 35.Ra4 Rc8 36.Kf2 Rc2+
37.Kf3 Kg8 38.g4 hxg4+ 39.Kxg4 Rg2+ 40.Kf3 Rh2 41.Kg3 Rb2 42.Rc4 Rb8 43.Rc5 Rd3+
44.Kf4 Rbd8 45.Ra5 R8d7 46.Ra6 Rc7 47.Ra4 Rd5 48.Rb4 Rd8 49.Kg5 Rd5+ 50.Kf4 Rc8
51.Rb7 a5 52.Ra7 Rc4 53.Ra8+ Kh7 54.Rf8 Rf5+ 55.Ke3 Re5 56.Rxf7+ Kg8 57.Re7 Rcxe4+  0-1

[Event "TCh-FIN 2006-7"]
[Site "Helsinki FIN"]
[Date "2007.03.11"]
[Round "9"]
[White "Polaczek,R"]
[Black "Kekki,P"]
[Result "0-1"]
[WhiteElo "2423"]
[BlackElo "2355"]

1.d4 Nf6 2.Bg5 g6 3.Bxf6 exf6 4.e3 d5 5.c4 dxc4 6.Bxc4 Bg7 7.Nc3 O-O 8.Nge2 c5
9.O-O cxd4 10.exd4 f5 11.Qd3 Nc6 12.Rfd1 Bd7 13.a3 Qh4 14.Qg3 Qxg3 15.hxg3 Rac8
16.Ba2 Rfd8 17.Rac1 Be8 18.Nd5 Kf8 19.Rc3 Ne7 20.Nxe7 Kxe7 21.Rxc8 Rxc8 22.Nc3 Rd8
23.d5 Kd6 24.Rd3 Rc8 25.Kf1 Bxc3 26.Rxc3 Bb5+ 27.Ke1 Re8+ 28.Kd1 Bf1 29.Bc4 Bxg2
30.f3 f4 31.gxf4 h5 32.Bb5 Re7 33.Be2 Kxd5 34.Ke1 Bh3 35.Kf2 Bf5 36.Rc1 Ke6
37.Rc8 Kf6 38.Rb8 Rc7 39.Bd1 Be6 40.Kg3 Kf5 41.Rd8 Kf6 42.Rd2 Rd7 43.Rxd7 Bxd7
44.Bc2 Bc6 45.Bb3 b6 46.Bc4 a5 47.Be2 Ke6 48.Bc4+ Bd5 49.Bd3 Kd6 50.b4 axb4
51.axb4 Kc6 52.Be2 Be6 53.Kh4 Kd5 54.Bb5 Kd4 55.Be8 Ke3 56.Kg3 h4+ 57.Kxh4 Kxf4
58.Bc6 g5+ 59.Kh5 Bh3  0-1

[Event "60th ch-RUS sf Urals"]
[Site "Nizhnij Tagil RUS"]
[Date "2007.03.14"]
[Round "1"]
[White "Kalmachevskikh,V"]
[Black "Uteshin,D"]
[Result "1/2-1/2"]
[WhiteElo "2333"]
[BlackElo "2109"]

1.d4 Nf6 2.Bg5 g6 3.Bxf6 exf6 4.h4 h5 5.e3 d6 6.c4 Bg7 7.Nc3 O-O 8.Be2 f5
9.g3 c5 10.dxc5 dxc5 11.Qxd8 Rxd8 12.Nd5 Nc6 13.O-O-O Be6 14.Nh3 Bxd5 15.cxd5 Nb4
16.Bc4 b5 17.Be2 Nxa2+ 18.Kb1 Nb4 19.Bxb5 Rab8 20.Bc4 Na2 21.Rd2 Nc3+ 22.Kc1 Ne4
23.Rc2 Rb4 24.b3 a5 25.Nf4 a4 26.Nd3 Rxb3 27.f3 Nc3 28.Kd2 Nxd5 29.Ke2 Rc3
30.Rhc1 Rxc2+ 31.Rxc2 Nb4 32.Rc1 Nxd3 33.Bxd3 a3 34.Bc4 Rb8 35.Kd2 Bb2 36.Rc2 Rd8+
37.Ke2 Kg7 38.Ba2 Rc8 39.Rc4 f6 40.f4 g5 41.Rc2 gxf4 42.gxf4 Kf8 43.Kd3 Ke7
44.Kc4 Rg8 45.Kb5 Rg3 46.Rxc5 Rxe3 47.Rc7+ Kd6 48.Rc6+ Kd7 49.Ra6 Re4 50.Ra7+ Kd6
51.Ra6+ Kc7 52.Ra7+ Kb8 53.Rh7 Rxf4 54.Bd5 Rd4 55.Ba2 Rxh4 56.Kc6 Rh2 57.Bc4 Rc2
58.Rh8+  1/2-1/2

[Event "ch-RUS U20 Girls"]
[Site "Saint Petersburg RUS"]
[Date "2007.03.14"]
[Round "5"]
[White "Dolgova,O"]
[Black "Burtasova,A"]
[Result "0-1"]
[WhiteElo "2245"]
[BlackElo "2314"]

1.d4 Nf6 2.Bg5 c5 3.Nc3 cxd4 4.Qxd4 Nc6 5.Qh4 e6 6.e4 Be7 7.Nf3 Qa5 8.O-O-O h6
9.e5 Nxe5 10.Nxe5 Qxe5 11.Bf4 Qh5 12.Qg3 O-O 13.Nb5 d5 14.Qe3 Bd7 15.Be2 Ng4
16.Bxg4 Qxg4 17.f3 Qg6 18.Nd4 Rac8 19.g4 Bf6 20.Be5 Bxe5 21.Qxe5 f6 22.Qd6 Rfd8
23.Rd2 e5 24.Qxd5+ Kh7 25.Nb3 Bxg4 26.Qxd8 Rxd8 27.Rxd8 Bxf3 28.Re1 f5 29.Nd2 Bc6
30.c4 e4 31.Rf8 Qe6 32.b3 Qe5 33.Kc2 e3 34.Nf1 Be4+ 35.Kd1 Qd4+  0-1

[Event "31st Conference"]
[Site "Blackpool ENG"]
[Date "2007.03.16"]
[Round "1"]
[White "Garnett,J"]
[Black "Hawkins,Jo"]
[Result "1/2-1/2"]
[WhiteElo "2047"]
[BlackElo "2207"]

1.d4 Nf6 2.Bg5 d5 3.Bxf6 exf6 4.e3 Bd6 5.c4 dxc4 6.Bxc4 Nd7 7.Nc3 O-O 8.Nge2 f5
9.Rc1 Nb6 10.Bd3 Re8 11.O-O Qh4 12.g3 Qh3 13.Nf4 Bxf4 14.exf4 c6 15.Re1 Be6
16.Bf1 Qh6 17.b4 Rad8 18.Bg2 Qf6 19.d5 Nxd5 20.Nxd5 cxd5 21.Qa4 Qe7 22.Rcd1 d4
23.Qxa7 Qxb4 24.Qxb7 Qa3 25.Qb6 Rd6 26.Qb5 Red8 27.Rd2 h6 28.Qb2 Ra6 29.Qxa3 Rxa3
30.Red1 d3 31.Bf1 Bc4 32.f3 f6 33.Kf2 Kf7 34.Ke3 g5 35.Bxd3 Kg6 36.Ke2 Bxd3+
37.Rxd3 Re8+ 38.Kf2 Rxa2+ 39.R3d2 Rea8 40.Ke2 g4 41.fxg4 fxg4 42.Rxa2 Rxa2+
43.Rd2 Ra4 44.Ke3 h5 45.Rd4 Ra1 46.Rd2 h4 47.Kf2 Ra4 48.Ke3 Ra3+ 49.Rd3 Ra5
50.Rd2 Kf5 51.Rd3 Ra2 52.Rd5+ Ke6 53.Rd2 Ra3+ 54.Rd3 Ra7 55.Rd2 f5 56.Rd3 Ra4
57.Rd4 Ra8 58.Rd3 Rh8 59.Rd1 hxg3 60.hxg3 Rh3 61.Rg1 Rh2 62.Kd4 Rd2+ 63.Kc5 Rd3
64.Kc4 Ra3 65.Re1+ Kf6 66.Rg1 Rf3 67.Kd4 Ke6 68.Re1+ Kd6 69.Rg1 Ra3 70.Kc4 Re3
71.Kd4 Re4+ 72.Kd3 Kd5 73.Ra1 Rd4+ 74.Ke3 Re4+ 75.Kf2 Rc4 76.Ra5+  1/2-1/2

[Event "60th ch-RUS sf Urals"]
[Site "Nizhnij Tagil RUS"]
[Date "2007.03.16"]
[Round "3"]
[White "Kalmachevskikh,V"]
[Black "Lazarkov,L"]
[Result "1-0"]
[WhiteElo "2333"]
[BlackElo "2178"]

1.d4 Nf6 2.Bg5 g6 3.Bxf6 exf6 4.e3 f5 5.Bd3 Bg7 6.Ne2 d6 7.Nd2 a6 8.c3 c5
9.Nf4 b5 10.h4 h5 11.a4 c4 12.Be2 Bb7 13.Bf3 d5 14.g3 O-O 15.O-O Bh6 16.axb5 axb5
17.Rxa8 Bxa8 18.b3 Bc6 19.bxc4 dxc4 20.Bxc6 Nxc6 21.Qf3 Qd6 22.Ra1 Bxf4 23.Qxf4 Qd5
24.Qf3 Ne7 25.Rb1 Qd7 26.e4 Kg7 27.Qf4 Re8 28.Qe5+ Kg8 29.Qxb5 Qxb5 30.Rxb5 Rc8
31.e5 Kf8 32.d5 Rd8 33.d6 Nc6 34.Nxc4  1-0

[Event "Bundesliga 2006-7"]
[Site "Hamburg GER"]
[Date "2007.03.17"]
[Round "12"]
[White "Polaczek,R"]
[Black "Nyback,T"]
[Result "1/2-1/2"]
[WhiteElo "2423"]
[BlackElo "2604"]

1.d4 Nf6 2.Bg5 d5 3.Bxf6 exf6 4.e3 Bd6 5.c4 dxc4 6.Bxc4 f5 7.Nc3 Nd7 8.Qc2 O-O
9.Nf3 Nf6 10.Bd3 g6 11.O-O c6 12.a3 Qe7 13.Rfe1 Re8 14.Nd2 Be6 15.e4 fxe4
16.Ndxe4 Nxe4 17.Bxe4 Rad8 18.g3 Bc7 19.d5 Bxd5 20.Bxd5 Qxe1+ 21.Rxe1 Rxe1+
22.Kg2 cxd5 23.Nxd5 Rxd5 24.Qxc7 Re2 25.Qxb7 Rdd2 26.Qxa7 Rxb2 27.a4 Re8
28.a5 Rbb8 29.a6 Ra8 30.Qb7 Reb8 31.Qc7 Rc8  1/2-1/2

[Event "zt 2.5 m"]
[Site "San Luis ARG"]
[Date "2007.03.20"]
[Round "3"]
[White "Rodi,L"]
[Black "Torres Auro,A"]
[Result "1-0"]
[WhiteElo "2291"]
[BlackElo "2210"]

1.d4 Nf6 2.Bg5 d5 3.Bxf6 gxf6 4.c4 e6 5.Nc3 c6 6.e3 Nd7 7.Bd3 dxc4 8.Bxc4 Qa5
9.Nf3 Nb6 10.Bd3 Nd5 11.O-O Nxc3 12.Qd2 Bb4 13.a3 Nd5 14.axb4 Qxb4 15.Qc2 Qd6
16.Qb3 Qb4 17.Qc2 Qd6 18.Nd2 Nb4 19.Ne4 Nxc2 20.Nxd6+ Kd7 21.Nxf7 Rf8 22.Ne5+ fxe5
23.Bxc2 exd4 24.Rfd1 Ke7 25.Rxd4 h6 26.Rad1 a5 27.Rh4 Rf6 28.e4  1-0

[Event "60th ch-RUS sf Urals"]
[Site "Nizhnij Tagil RUS"]
[Date "2007.03.22"]
[Round "9"]
[White "Kalmachevskikh,V"]
[Black "Gajsin,E"]
[Result "0-1"]
[WhiteElo "2333"]
[BlackElo "2456"]

1.d4 Nf6 2.Bg5 c5 3.d5 Qb6 4.Nc3 Qxb2 5.Bd2 Qb6 6.e4 e5 7.f4 d6 8.fxe5 dxe5
9.Nf3 Nbd7 10.Rb1 Qc7 11.Bc4 a6 12.a4 Be7 13.O-O O-O 14.Qe1 Ne8 15.Qg3 Bf6
16.Nh4 Nd6 17.Bh6 g6 18.Bxf8 Kxf8 19.Be2 Bg7 20.Nf3 Kg8 21.Rf2 Nf6 22.Nd2 Bd7
23.Rbf1 Nfe8 24.Nf3 f6 25.h4 b5 26.axb5 axb5 27.h5 b4 28.hxg6 bxc3 29.gxh7+ Kxh7
30.Nh4 Qd8 31.Bh5 Kg8 32.Ng6 Nxe4 33.Qe3 Nxf2 34.Rxf2 Nd6 35.Qxc5 Ne4 36.Ne7+ Kh8  0-1

[Event "60th ch-RUS sf Urals"]
[Site "Nizhnij Tagil RUS"]
[Date "2007.03.22"]
[Round "9"]
[White "Lazarkov,L"]
[Black "Nurtdinov,R"]
[Result "0-1"]
[WhiteElo "2178"]
[BlackElo "2086"]

1.d4 Nf6 2.Bg5 d5 3.Nc3 e6 4.e4 Be7 5.e5 Nfd7 6.h4 a6 7.Qg4 f5 8.exf6 Nxf6
9.Qg3 Bd6 10.Qd3 O-O 11.O-O-O Nbd7 12.Nf3 b6 13.Re1 Re8 14.Ne5 Bb7 15.f4 c5
16.Kb1 Qc7 17.Nxd7 Nxd7 18.g3 cxd4 19.Qxd4 e5 20.fxe5 Bxe5 21.Rxe5 Qxe5 22.Qxe5 Rxe5
23.Bg2 Rae8 24.Rd1 Nf6 25.a3 Ne4 26.Nxe4 dxe4 27.Be3 b5 28.Rd7 R5e7 29.Rd6 Bc8
30.a4 Rd7 31.Rxd7 Bxd7 32.axb5 axb5 33.b3 Bc6 34.Bf1 Rd8 35.Be2 Kf7 36.Kb2 Ra8
37.c4 bxc4 38.Bxc4+ Kf6 39.b4 Kf5 40.Kc3 Kg4 41.b5 Bb7 42.Bf4 Kf3 43.Kd2 e3+  0-1

[Event "Vladimir Zak mem"]
[Site "St Petersburg RUS"]
[Date "2007.03.25"]
[Round "2"]
[White "Pankov,Ger"]
[Black "Chernov,Yury"]
[Result "1-0"]
[WhiteElo "2321"]
[BlackElo "2254"]

1.d4 Nf6 2.Bg5 d5 3.Nd2 Bf5 4.c4 c6 5.Qb3 Qb6 6.e3 Nbd7 7.Ngf3 e6 8.c5 Qc7
9.Bf4 Qc8 10.Qc3 Nh5 11.Be2 Nxf4 12.exf4 Be7 13.O-O O-O 14.b4 Qc7 15.g3 Nf6
16.Ne5 h6 17.h4 Ne4 18.Nxe4 dxe4 19.Rfe1 Rfd8 20.Rad1 Bf6 21.Bf1 Bxe5 22.dxe5 Rxd1
23.Rxd1 Rd8 24.Rd6 Kf8 25.Qd4 Ke7 26.Bg2 a5 27.a3 axb4 28.axb4 g6 29.h5 gxh5
30.Bxe4 Bxe4 31.Qxe4 Rg8 32.f5 exf5 33.Qxf5 Rg6 34.Rxg6 fxg6 35.Qf6+ Ke8
36.Qxg6+  1-0

[Event "ch-Catalonia"]
[Site "Barcelona ESP"]
[Date "2007.04.01"]
[Round "1"]
[White "Romero Forero,M"]
[Black "Torner Planell,Jos"]
[Result "1/2-1/2"]
[WhiteElo "1928"]
[BlackElo "2185"]

1.d4 d5 2.Bg5 Nf6 3.Bxf6 exf6 4.e3 Bd6 5.Bd3 O-O 6.Nf3 Be6 7.c3 Nd7 8.Qc2 h6
9.Nbd2 Re8 10.O-O Nf8 11.Rac1 Rc8 12.Rfe1 c6 13.c4 Bb8 14.c5 Rc7 15.b4 Rce7
16.b5 Bg4 17.bxc6 bxc6 18.Rb1 Ne6 19.h3 Bxf3 20.Nxf3 Qc7 21.g3 h5 22.Ba6 Qa5
23.Be2 g6 24.Qd2  1/2-1/2

[Event "ch-Catalonia"]
[Site "Barcelona ESP"]
[Date "2007.04.02"]
[Round "2"]
[White "Ibanez Terradellas,E"]
[Black "Martin Sanchez,E"]
[Result "1-0"]
[WhiteElo "2247"]
[BlackElo "2025"]

1.d4 Nf6 2.Bg5 c5 3.Nc3 cxd4 4.Qxd4 Nc6 5.Qh4 e6 6.O-O-O Be7 7.e4 h6 8.f4 Rg8
9.Bxf6 Bxf6 10.Qg3 Qa5 11.e5 Be7 12.Bc4 b5 13.Nxb5 Rb8 14.Nd6+ Kf8 15.h4 Qb6
16.Qc3 Ba6 17.Bxa6 Qxa6 18.a3 Bxd6 19.exd6 Na5 20.Nf3 Rc8 21.Qd3 Qb7 22.Ne5 Nb3+
23.Kb1 Nc5 24.Qc4 Ne4 25.Qb4 Qxb4 26.axb4 Ke8 27.Rhe1 f5 28.Re3 g5 29.hxg5 hxg5
30.Rh3 gxf4 31.Rh7 Rd8 32.Re7+ Kf8 33.Nxd7+ Rxd7 34.Rxd7 Rxg2 35.Rxa7 Nd2+
36.Kc1 f3 37.d7 Ke7 38.Rxd2 Rg1+ 39.Rd1 Rxd1+ 40.Kxd1  1-0